000
00260nam a2200109Ia 4500
008
240625s9999 xx 000 0 und d
041
_a
eng
082
_a
828 KIY
100
_a
KIYOSAKI ROBERT T
245
_a
RICH DAD S BEFORE YOU QUIT YOUR JOB
365
_c
RS
_b
5
999
_c
32863
_d
32863